00684nam a2200217Ia 450000500170000000800410001702000270005804000190008504100120010408200180011610000250013424500770015926000510023630000240028750400500031163000240036165000180038565100220040370000310042585000100045620220709113324.0131103s9999 xx 000 0 und d a81-7033-577-9cRs. 340 aLoreto College aEnglish a307.1416bANS aAnsari, Abdul Sameem aUrban renewal and developmentb A case of Hyderbad cAbdul Sameem Ansari aJaipur and New DelhibRawat Publicationsc2000 a216p, tables 22c.m. aIncludes bibliographical references and index aUrban Communities  aUrban Renewal aUrban Development aAnsari, Abdul Sameem, auth aLCLIB